000 00609cam a22001931 4500
001 000019800
005 20200929170138.0
008 751009s1968 sp 000 1 spa c
040 _aDO-SdBNP
_bspa
_cBNPHU
082 _axxxx
_bL185s
100 1 _aLaiglesia, Alvaro de,
_96866
245 1 0 _aSólo se mueren los tontos :
_bnovela /
_cAlvaro de Laiglesia.
250 _a11a ed.
260 _aBarcelona, España :
_bPlaneta,
_c1968.
300 _a394 p. ;
_c20 cm.
490 1 _aAutores Españoles Contemporanceos
830 0 _aAutores Españoles Contemporanceos
_942278
910 _aCatalogación derivada / LC
999 _c19313
_d19313